Chile a jeho vodné hospodárstvo

Vývoj hospodárskej a politickej situácie v Chile. Vodné diela, priehrady, vodné kanály a vodné elektrárne - ich rozmiestenie v krajine a výkony. Poľnohospodárska výroba nemôže existovať v Chile bez závlah. Perspektívny rozvoj vodného hospodárstva.

Salvato in:
Dettagli Bibliografici
Autore principale: Liška, Miroslav
Natura: Capitolo di libro
Lingua:slovacco
Soggetti:
Tags: Aggiungi Tag
Nessun Tag, puoi essere il primo ad aggiungerne!!

MARC

LEADER 00000naa a2200000 4500
001 r033359
005 20230925114533.0
041 0 |a slo 
044 |a SK 
245 1 0 |a Chile a jeho vodné hospodárstvo  |c Miroslav Liška 
520 |a Vývoj hospodárskej a politickej situácie v Chile. Vodné diela, priehrady, vodné kanály a vodné elektrárne - ich rozmiestenie v krajine a výkony. Poľnohospodárska výroba nemôže existovať v Chile bez závlah. Perspektívny rozvoj vodného hospodárstva. 
610 2 0 |a vodohospodárstvo 
610 2 0 |a diela vodné 
610 2 0 |a priehrady 
610 2 0 |a zásobovanie 
610 2 0 |a voda 
610 2 0 |a kanály 
610 2 0 |a elektrárne vodné 
610 2 0 |a Čile 
100 1 |a Liška, Miroslav